Leader xxxxxxxxxx
001 __ PCLIS00042005
005 __ 20090618092400.0
008 __ chi
010 0_ |a978-986-6938-91-7|b上冊:平裝|dNT$240
010 0_ |a978-986-6938-92-4|b下冊:平裝|dNT$240
042 __ |anbic
100 __ |a20090618d2009 m y0chiy09 e
101 0_ |achi
102 __ |aTW
105 __ |aa z 000ay
200 1_ |a魯班書|e血班母|f蒼狼客作
205 __ |a第1版
210 __ |a新竹縣竹北市|c狠角舍出版|a臺北縣中和市|c旭昇總經銷|d2009[民98]
215 0_ |a2冊|c圖|d21公分
225 2_ |a幻日線系列|v17-18
260 1_ |a2009
300 __ |a
517 1_ |a血班母|zchi
681 __ |a857.83|b4443|v增訂8版|yv.1
700 _0 |a蒼狼客|b|4作
702 __ |a|b|4
801 _2 |aTW|bPTL|c20090605|gCCR
|